Brussels reveals directive on F&M (Record no. 71211)

MARC details
000 -LEADER
fixed length control field 00921cam a2200205 4500
001 - CONTROL NUMBER
control field WB3835-21
008 - FIXED-LENGTH DATA ELEMENTS--GENERAL INFORMATION
fixed length control field 020924n2002 000 0 eng u
035 ## - SYSTEM CONTROL NUMBER
System control number (Sirsi) u119829
245 ## - TITLE STATEMENT
Title Brussels reveals directive on F&M
260 ## - PUBLICATION, DISTRIBUTION, ETC.
Date of publication, distribution, etc. 2002
490 ## - SERIES STATEMENT
Series statement Farmers' Weekly
Volume/sequential designation 137(12) 20 September 2002, 8(1)
520 ## - SUMMARY, ETC.
Summary, etc. Brussels announces EU policy on foot and mouth which will concentrate on destroying infected animals and dangerous contacts. An enhanced role is to be given to emergency vacination which should be at the forefront of protection measures. The commission has denied that it is about to give itself the power to impose vaccination on member states in the event of a future outbreak.
590 ## - LOCAL NOTE (RLIN)
Local note WB
650 ## - SUBJECT ADDED ENTRY--TOPICAL TERM
Topical term or geographic name entry element FOOT-AND-MOUTH DISEASE
650 ## - SUBJECT ADDED ENTRY--TOPICAL TERM
Topical term or geographic name entry element VACCINATIONS
650 ## - SUBJECT ADDED ENTRY--TOPICAL TERM
Topical term or geographic name entry element EUROPEAN COMMISSION
650 ## - SUBJECT ADDED ENTRY--TOPICAL TERM
Topical term or geographic name entry element NATIONAL FARMERS UNION
690 ## - LOCAL SUBJECT ADDED ENTRY--TOPICAL TERM (OCLC, RLIN)
Topical term or geographic name as entry element RURAL-AGRICULTURE AND FORESTRY
942 ## - ADDED ENTRY ELEMENTS (KOHA)
Suppress in OPAC 0
Holdings
Withdrawn status Lost status Source of classification or shelving scheme Damaged status Not for loan Home library Current library Shelving location Date acquired Total Checkouts Full call number Barcode Date last seen Copy number Price effective from Koha item type
    Dewey Decimal Classification     London London News article 24/09/2002   WB3835-21 119829-1001 06/08/2019 1 06/08/2019 News article